| 000 | 003000000a22000970004500 | ||
|---|---|---|---|
| 100 | 1 | _aSchipper, Jeremy | |
| 245 | 1 | 0 | _aNarrative obscurity of Samson's HYDH in Judges 14.14 and 18 |
| 300 | _aVol. 27, Núm 3 (2003), Páginas 339-353 | ||
| 773 | 0 | _tJournal for the Study of the Old Testament | |
| 942 | _cANA | ||
| 999 |
_c54978 _d54978 |
||